Biggest Cities In Scandinavia - Statistics

General Stats
  • This quiz has been taken 318 times
  • The average score is 12 of 16
Answer Stats
Population City % Correct
1,036,059 Oslo
100%
1,611,776 Stockholm
100%
1,363,296 Copenhagen
96%
1,337,786 Helsinki
95%
357,377 Malmö
92%
607,882 Gothenburg
86%
259,958 Bergen
80%
282,910 Aarhus
70%
191,771 Trondheim
68%
242,995 Reykjavik
62%
228,287 Stavanger
55%
291,230 Turku
55%
168,096 Uppsala
54%
347,470 Tampere
52%
162,346 Odense
51%
257,670 Oulu
41%
No matching quizzes found
Score Distribution
Percent of People with Each Score
Percentile by Number Answered
Your Score History
You have not taken this quiz